Đông Nam Á, tháng 8 - 1945

Đã lưu trong:
書目詳細資料
格式: 圖書
出版: 2005
標簽: 添加標簽
沒有標簽, 成為第一個標記此記錄!
Thư viện lưu trữ: Mạng thư viện Đại học Đà Nẵng
LEADER 00441nam a22001811a 4500
001 000039084
003 15379
005 20160412021916.0
008 160412s2005 000
082 |a 4V(TK)619 
245 |a Đông Nam Á, tháng 8 - 1945  |c Vũ Dương Ninh 
260 |c 2005 
OWN |a LNN 
999 |a From the UDN01 
TYP |a Monograph 
980 |a Mạng thư viện Đại học Đà Nẵng